000 00629nam a2200205 i 4500
001 27045
003 ES-MaACL
005 20230906153541.0
007 t|
008 030113s1944 ag ||||1| spa d
100 1 _aArrieta, Rafael Alberto.
_923303
245 1 0 _aCenturia Porteña
_b: Buenos Aires según los viajeros extranjeros del siglo XIX /
_cRafael Alberto Arrieta.
250 _a[1ª ed.].
260 _aBuenos Aires :
_bEspasa-Calpe,
_c[1944]
300 _a149 p. ;
_c18 cm.
490 1 _aColección austral
830 0 _aColección austral
_9177655
852 _aES-MaACL
_jB-10490
_bR.22176
999 _c27045
_d27045